|
|
|
|
| LEADER |
00000nam0a2200000 4500 |
| 001 |
376728 |
| 005 |
20231102012836.0 |
| 035 |
|
|
|a (RuTPU)RU\TPU\retro\34168
|
| 090 |
|
|
|a 376728
|
| 100 |
|
|
|a 20221228d1979 m y0rusy50 ca
|
| 101 |
0 |
|
|a rus
|
| 102 |
|
|
|a RU
|
| 105 |
|
|
|a a z 001zy
|
| 200 |
1 |
|
|a Гидромеханизация земляных работ в зимнее время
|f Ю. А. Попов, Д. В. Рощупкин
|
| 210 |
|
|
|a Ленинград
|c Стройиздат
|d 1979
|
| 215 |
|
|
|a 186 с.
|c ил.
|
| 320 |
|
|
|a Библиогр.: с. 181-183
|
| 606 |
1 |
|
|a Гидромеханизация земляных работ
|2 stltpush
|3 (RuTPU)RU\TPU\subj\6771
|9 34574
|
| 610 |
1 |
|
|a строительные организации
|
| 610 |
1 |
|
|a плавучие земснаряды
|
| 610 |
1 |
|
|a гидротранспорт
|
| 610 |
1 |
|
|a акватории
|
| 675 |
|
|
|a 624.132.34
|v 4
|
| 700 |
|
1 |
|a Попов
|b Ю. А.
|g Юрий Андреевич
|
| 701 |
|
1 |
|a Рощупкин
|b Д. В.
|g Дмитрий Васильевич
|
| 801 |
|
1 |
|a RU
|b 63413507
|c 20221228
|
| 942 |
|
|
|c BK
|